| 000 | 01837nam a2200229Ia 4500 | ||
|---|---|---|---|
| 003 | Ost | ||
| 005 | 20260507075729.0 | ||
| 008 | 260507s9999||||xx |||||||||||||| ||und|| | ||
| 040 | _cfsecg | ||
| 041 | _aara | ||
| 082 | _a658 | ||
| 100 |
_aالحناوي، محمد صالح _eمؤلف |
||
| 245 | 0 |
_aمقدمة في الاعمال في عصر التكنولوجيا / _c محمد صالح الحناوي |
|
| 260 |
_aالاسكندرية: _bالدار الجامعية, _c2004 |
||
| 300 |
_a411 صفحة؛ _c24 سم |
||
| 504 | _aبيبليوغرافيا: ص. 407-409 | ||
| 520 | _aالباب الأول : مقدمة إلى عالم الأعمال الفصل الأول : أساسيات الأعمال : الفصل الثانى : منظمات الإعمال : الفصل الثالث : المشروعات الصغيرة الباب الثانى : بيئة الأعمال : الفصل الرابع : بيئة الأعمال : الفصل الخامس : الأعمال الدولية : الفصل السادس : التجارة الالكترونية الباب الثالث : وظائف منظمات الأعمال الفصل السابع : أساسيات التسويق : الفصل الثامن : أساسيات الإنتاج : الفصل التاسع : أساسيات الموارد البشرية : الفصل العاشر : نظم وتكنولوجيا المعلومات الباب الرابع : المال والأعمال الفصل الحادى عشر : وظيفية الإدارة المالية : الفصل الثانى عشر : مصادر تمويل المنظمات : الفصل الثالث عشر : سوق الأوراق المالية. | ||
| 653 | _aادارة الاعمال | ||
| 653 | _aالتجارة | ||
| 700 |
_aالصحن، محمد فريد وأخرون _eمؤلف ثانوي |
||
| 942 | _cكتاب | ||
| 999 |
_c46017 _d46017 |
||